000 00570nam a22001337a 4500
040 _cRUA
082 _aAGR HEA 2009 B042 Or.1
100 _aHEANG, CHANTHOU.
245 _acoconut potential in kus commune tramkak district takeo province (សក្តានុពលដំណាំដូងនៅឃុំគុស ស្រុកត្រាំកក់ ខេត្តតាកែវ)
260 _aPhnom Penh
_bRUA
_c2009
300 _axiii, 71p.
_bill.
_c29cm.
856 _uhttps://drive.google.com/file/d/10cpef2OAtHlPKJFdpbLNl3LAw95W0DRz/view?usp=sharing
942 _cAGR
999 _c953
_d953